| 000 | 01187nam a2200313 i 4500 | ||
|---|---|---|---|
| 001 | bg | ||
| 100 | 1 | _aFRANCKE, Barbara. | |
| 245 | 1 | 0 |
_aZabezpieczenia i izolacje : _b[instrukcja]. _nZ. 4, _pIzolacje wodochronne tarasów / _c[Barbara Francke]. |
| 260 |
_aWarszawa : _bInstytut Techniki Budowlanej, _c2004. |
||
| 300 |
_a23 s. ; _c24 cm. |
||
| 490 | 1 |
_aInstrukcje. Wytyczne. Poradniki / Instytut Techniki Budowlanej ; _aWarunki techniczne wykonania i odbioru robót budowlanych ; _v404/2004 _vCz. C |
|
| 490 | 1 |
_aWarunki techniczne wykonania i odbioru robót budowlanych ; _vCz. C |
|
| 504 | _aWykaz norm s.7. | ||
| 650 | 9 |
_aIzolacje _xbudownictwo |
|
| 650 | 9 | _aIzolacje przeciwwilgociowe | |
| 650 | 9 | _aTaras | |
| 655 | _aInstrukcje | ||
| 830 |
_aInstrukcje. Wytyczne. Poradniki - Instytut Techniki Budowlanej ; _v404/2004 |
||
| 830 | _aWarunki techniczne wykonania i odbioru robót budowlanych ; | ||
| 020 | _a8373706607 (całość) | ||
| 020 | _a8374135441 (z.4) | ||
| 040 | _cBPK | ||
| 041 | 0 | _apol | |
| 080 | _a692:699.8](083.1) | ||
| 920 | _a83-7370-660-7 (całość) | ||
| 920 | _a83-7413-544-1 (z.4) | ||
| 942 | _cKS | ||
| 008 | s pl f |000 0 pol | ||
| 999 |
_c45368 _d45368 |
||
| 856 |
_uhttp://koha.tu.koszalin.pl/cgi-bin/koha/opac-detail.pl?biblionumber=45368 _yKatalog online BPK |
||